Palabras Rumanas Aleatorias - Estadísticas

Estadísticas generales
  • Esta prueba ha sido intentada 75 veces
  • La puntuación promedio es 11 de 20
Estadísticas de respuestas
Rumano Español % Correcto
banană plátano
87%
poartă puerta
85%
insulă isla
75%
săptămână semana
71%
culoare color
65%
cap cabeza
62%
două dos
60%
sâmbătă sábado
56%
măr manzana
53%
albastru azul
51%
fiul hijo
49%
soare sol
49%
țară país
47%
sare sal
47%
fierbinte caliente
45%
cuvânt palabra
45%
castravete pepino
45%
umed mojado
38%
sfânt san
36%
bine bueno
35%
No se encontraron pruebas coincidentes
Distribución de puntuación
Porcentaje de gente con cada puntuación
Porcentaje por número respondido
Historial de tus puntuaciones
No has intentado esta prueba.